000 00614cam a2200229 a 4500
001 2386256
005 20180123071805.0
008 850411s1985 dcu 001 0 eng
010 _a 85009641
020 _a0871794705
020 _a0871794713 (student ed.)
040 _aDLC
_cDLC
_dDLC
041 _aeng
043 _an-us---
080 _a344.73018914 FRA
082 0 0 _a344.73018914 FRA
_a347.30418914
_219
100 1 _a16
101 _aJUR
245 1 0 _aHow arbitration works /
_cby Frank Elkouri and Edna Asper Elkouri.
906 _a7
_bcbc
_corignew
_d1
_eocip
_f19
_gy-gencatlg
942 _2ddc
_cBK
999 _c40777
_d40777